[Event "Druga liga Srbije grupa Vojvodina 2015"]
[Site "Novi Sad"]
[Date "2015.11.17"]
[Round "9"]
[Board "2"]
[White "Ratkovic, Miloje"]
[Black "Parezanin, Darko"]
[Result "1-0"]
[WhiteElo "2388"]
[BlackElo "2290"]
[PlyCount "69"]
[EventDate "2015.11.10"]
[EventType "team"]
[EventRounds "9"]
[EventCountry "SRB"]
[WhiteTeam "Naftagas Elemir"]
[BlackTeam "Kraljica Petrovaradin"]

1. d4 Nf6 2. Nf3 b6 3. e3 Bb7 4. Bd3 e6 5. c4 d5 6. cxd5 Nxd5 7. O-O Nd7 8. Qe2
Bd6 9. Nbd2 O-O 10. Nc4 Be7 11. e4 Nb4 12. Bb1 f5 13. exf5 exf5 14. a3 Nd5 15.
Qe6+ Kh8 16. Bxf5 N7f6 17. Bd3 Qe8 18. Re1 b5 19. Na5 Bc8 20. Qc6 Bd7 21. Qc2
Qh5 22. Re5 Qf7 23. Ng5 Qg8 24. Nxh7 Nxh7 25. Bxh7 Qxh7 26. Qxh7+ Kxh7 27. Rxd5
Bd6 28. Bd2 Rae8 29. Rh5+ Kg6 30. Rg5+ Kf6 31. h4 Re2 32. Bc3 Rfe8 33. d5+ Be5
34. Rxe5 R8xe5 35. f4 1-0

[Event "Druga liga Srbije grupa Vojvodina 2015"]
[Site "Novi Sad"]
[Date "2015.11.17"]
[Round "9"]
[Board "3"]
[White "Desnica, Vladan"]
[Black "Leskur, Dejan"]
[Result "1/2-1/2"]
[WhiteElo "2269"]
[BlackElo "2376"]
[PlyCount "28"]
[EventDate "2015.11.10"]
[EventType "team"]
[EventRounds "9"]
[EventCountry "SRB"]
[WhiteTeam "Kraljica Petrovaradin"]
[BlackTeam "Naftagas Elemir"]

1. d4 g6 2. c4 Bg7 3. e4 c5 4. d5 d6 5. Bd3 Nf6 6. Nc3 O-O 7. h3 Na6 8. Bg5 h6
9. Bh4 e6 10. Nf3 exd5 11. cxd5 Re8 12. O-O g5 13. Bg3 c4 14. Bc2 Nc5 1/2-1/2

[Event "Druga liga Srbije grupa Vojvodina 2015"]
[Site "Novi Sad"]
[Date "2015.11.17"]
[Round "9"]
[Board "4"]
[White "Popov, Sinisa S"]
[Black "Banovic, Ivan"]
[Result "1-0"]
[WhiteElo "2443"]
[BlackElo "2185"]
[PlyCount "67"]
[EventDate "2015.11.10"]
[EventType "team"]
[EventRounds "9"]
[EventCountry "SRB"]
[WhiteTeam "Naftagas Elemir"]
[BlackTeam "Kraljica Petrovaradin"]

1. d4 Nf6 2. c4 g6 3. Nc3 Bg7 4. e4 d6 5. f3 O-O 6. Nge2 c5 7. d5 e6 8. Ng3
exd5 9. cxd5 a6 10. a4 Nbd7 11. Be2 h5 12. O-O Re8 13. Bg5 Qa5 14. Qd2 Nh7 15.
Bh6 Bd4+ 16. Be3 h4 17. Nh1 Bg7 18. Nf2 Qc7 19. f4 Rb8 20. Bc4 b5 21. axb5 Nb6
22. Bd3 axb5 23. Nxb5 Qe7 24. Rfe1 Bd7 25. e5 Bxb5 26. Bxb5 Red8 27. Ne4 Nxd5
28. Qxd5 Rxb5 29. Nxd6 Rxb2 30. Bxc5 Nf8 31. Ra7 Qe6 32. Qf3 Rd7 33. Ra8 Kh7
34. Ne4 1-0

[Event "Druga liga Srbije grupa Vojvodina 2015"]
[Site "Novi Sad"]
[Date "2015.11.17"]
[Round "9"]
[Board "5"]
[White "Remecki, Sinisa"]
[Black "Besedes, Danilo"]
[Result "1/2-1/2"]
[WhiteElo "2206"]
[BlackElo "2294"]
[PlyCount "83"]
[EventDate "2015.11.10"]
[EventType "team"]
[EventRounds "9"]
[EventCountry "SRB"]
[WhiteTeam "Kraljica Petrovaradin"]
[BlackTeam "Naftagas Elemir"]

1. b3 e5 2. Bb2 Nc6 3. e3 g6 4. Nf3 Bg7 5. Bb5 Nge7 6. d4 exd4 7. Nxd4 Nxd4 8.
Bxd4 O-O 9. Bxg7 Kxg7 10. Qd4+ f6 11. Nc3 c6 12. Be2 Qa5 13. O-O Qe5 14. Qd2 d5
15. Rae1 Be6 16. Bd3 Rad8 17. f4 Qc7 18. e4 d4 19. Ne2 c5 20. c3 Nc6 21. cxd4
Nxd4 22. Qc3 Qb6 23. Kh1 Bg8 24. Rc1 Nc6 25. Bb1 Qb5 26. Ng3 b6 27. Rfd1 Nd4
28. Bd3 Qd7 29. h3 Qd6 30. Qd2 Ne6 31. Ne2 c4 32. Rxc4 Nc5 33. Rd4 Qe7 34. Bb1
Rxd4 35. Qxd4 Re8 36. Nc3 Bf7 37. Nd5 Qd6 38. b4 Na6 39. a3 Nc7 40. Nxc7 Qxc7
41. Qd2 Rc8 42. Qe3 1/2-1/2

[Event "Druga liga Srbije grupa Vojvodina 2015"]
[Site "Novi Sad"]
[Date "2015.11.17"]
[Round "9"]
[Board "6"]
[White "Adamov, Ivan"]
[Black "Torbica, Milos"]
[Result "0-1"]
[WhiteElo "2051"]
[BlackElo "2262"]
[PlyCount "72"]
[EventDate "2015.11.10"]
[EventType "team"]
[EventRounds "9"]
[EventCountry "SRB"]
[WhiteTeam "Naftagas Elemir"]
[BlackTeam "Kraljica Petrovaradin"]

1. e4 e6 2. d4 d5 3. Nc3 Bb4 4. e5 c5 5. a3 Bxc3+ 6. bxc3 Qc7 7. Qg4 f5 8. Qg3
Ne7 9. Bd2 O-O 10. Bd3 Nbc6 11. Nf3 Na5 12. Rb1 Nc4 13. Bc1 Qa5 14. Rb3 cxd4
15. Nxd4 Nc6 16. Nxc6 bxc6 17. Bxc4 dxc4 18. Rb1 Ba6 19. O-O Rad8 20. Bg5 Rd5
21. Rfd1 Kf7 22. Qh4 Qxc3 23. Rxd5 cxd5 24. Be7 Qxc2 25. Re1 Re8 26. Bf6 f4 27.
Qxf4 gxf6 28. Qxf6+ Kg8 29. h4 Qf5 30. Qh6 Rf8 31. Qe3 Rf7 32. f3 Rc7 33. Rc1
Bc8 34. Rc3 Bd7 35. g4 Qf8 36. Qd4 Qc5 0-1

[Event "Druga liga Srbije grupa Vojvodina 2015"]
[Site "Novi Sad"]
[Date "2015.11.17"]
[Round "9"]
[Board "2"]
[White "Kokeza, Mirko"]
[Black "Varga, Zoltan"]
[Result "0-1"]
[WhiteElo "2253"]
[BlackElo "2447"]
[PlyCount "54"]
[EventDate "2015.11.10"]
[EventType "team"]
[EventRounds "9"]
[EventCountry "SRB"]
[WhiteTeam "Hajduk 1973 Beska"]
[BlackTeam "Backa Pacir"]

1. e4 d6 2. d4 Nf6 3. Nc3 Nbd7 4. Nf3 e5 5. Bc4 Be7 6. Bxf7+ Kxf7 7. Ng5+ Kg8
8. Ne6 Qe8 9. Nxc7 Qg6 10. O-O Rb8 11. f4 exd4 12. N3b5 b6 13. Nxd4 Bb7 14. Nf5
Bf8 15. Ng3 Nxe4 16. f5 Qf7 17. Bf4 Nxg3 18. Bxg3 Nc5 19. Nb5 Ne4 20. Nd4 Qd5
21. Rf3 Ng5 22. c4 Nxf3+ 23. gxf3 Qf7 24. Qd3 h5 25. Ne6 h4 26. Ng5 Qf6 27. Bf4
Rh5 0-1

[Event "Druga liga Srbije grupa Vojvodina 2015"]
[Site "Novi Sad"]
[Date "2015.11.17"]
[Round "9"]
[Board "3"]
[White "Jesenski, Tibor"]
[Black "Majstorovic, Stanko"]
[Result "1-0"]
[WhiteElo "2341"]
[BlackElo "2218"]
[PlyCount "111"]
[EventDate "2015.11.10"]
[EventType "team"]
[EventRounds "9"]
[EventCountry "SRB"]
[WhiteTeam "Backa Pacir"]
[BlackTeam "Hajduk 1973 Beska"]

1. d4 Nf6 2. Nf3 d5 3. c4 g6 4. cxd5 Nxd5 5. e4 Nf6 6. Nc3 Bg7 7. Bc4 e6 8. O-O
h6 9. Bf4 O-O 10. Rc1 c6 11. a4 Nh5 12. Be3 Qe7 13. Qe2 Nf6 14. h3 a5 15. Bf4
Na6 16. Rfd1 Nb4 17. Qd2 Kh7 18. Be5 Rd8 19. Qf4 Rd7 20. g4 b6 21. Ne2 Bb7 22.
Ng3 Rad8 23. g5 Ng8 24. Bxg7 Kxg7 25. Qh4 Kh7 26. Re1 Rc7 27. Qf4 Ba6 28. gxh6
Bxc4 29. Rxc4 Nd3 30. Qd2 Nxe1 31. Qxe1 Nxh6 32. Qe3 f6 33. Qf4 g5 34. Qc1 Rdc8
35. e5 Nf7 36. Ne4 f5 37. Nexg5+ Nxg5 38. Nxg5+ Kg7 39. Rc3 Kf8 40. Qf4 Ke8 41.
Rg3 Kd7 42. Nf3 Rh8 43. Rg6 Qh7 44. Rg3 Kc8 45. Ng5 Qh6 46. Qd2 Kb7 47. f4 Rd8
48. b4 c5 49. bxc5 Rd5 50. Qb2 Kc8 51. Qxb6 Rxd4 52. Nxe6 Rd1+ 53. Kf2 Qh7 54.
Rg8+ Kd7 55. Qxc7+ Kxe6 56. Re8+ 1-0

[Event "Druga liga Srbije grupa Vojvodina 2015"]
[Site "Novi Sad"]
[Date "2015.11.17"]
[Round "9"]
[Board "4"]
[White "Vukovic, Miroslav R"]
[Black "Farkas, Tibor"]
[Result "1/2-1/2"]
[WhiteElo "2157"]
[BlackElo "2254"]
[PlyCount "56"]
[EventDate "2015.11.10"]
[EventType "team"]
[EventRounds "9"]
[EventCountry "SRB"]
[WhiteTeam "Hajduk 1973 Beska"]
[BlackTeam "Backa Pacir"]

1. e4 c5 2. Nf3 e6 3. d4 cxd4 4. Nxd4 a6 5. Bd3 Bc5 6. Nb3 Be7 7. c4 d6 8. Nc3
Nf6 9. Be3 b6 10. O-O Bb7 11. Qe2 Qc7 12. Rfc1 Nbd7 13. f3 O-O 14. Qf2 Rac8 15.
Bf1 Rfe8 16. Nd2 Bd8 17. a3 Qb8 18. b4 Bc7 19. Qh4 d5 20. Bf2 Bf4 21. Rc2 Bxd2
22. Rxd2 dxc4 23. a4 Nf8 24. Rad1 e5 25. Be3 Rcd8 26. Qf2 Rxd2 27. Rxd2 N6d7
28. Bxb6 Ba8 1/2-1/2

[Event "Druga liga Srbije grupa Vojvodina 2015"]
[Site "Novi Sad"]
[Date "2015.11.17"]
[Round "9"]
[Board "5"]
[White "Arbutina, Sinisa"]
[Black "Curakovic, Dragan"]
[Result "1-0"]
[WhiteElo "2304"]
[BlackElo "2113"]
[PlyCount "65"]
[EventDate "2015.11.10"]
[EventType "team"]
[EventRounds "9"]
[EventCountry "SRB"]
[WhiteTeam "Backa Pacir"]
[BlackTeam "Hajduk 1973 Beska"]

1. d4 Nf6 2. c4 e6 3. Nf3 d5 4. Nc3 a6 5. Bf4 dxc4 6. a4 c5 7. e3 Nc6 8. Bxc4
cxd4 9. exd4 Be7 10. O-O O-O 11. Re1 b6 12. d5 exd5 13. Nxd5 Nxd5 14. Bxd5 Bb7
15. Ne5 Rc8 16. Qb3 Na5 17. Bxf7+ Kh8 18. Qh3 Bh4 19. Bg3 g5 20. Bxh4 gxh4 21.
Qe6 Kg7 22. Qg4+ Kh8 23. Be6 Rc7 24. Nd7 Rxd7 25. Bxd7 Qf6 26. f3 Rg8 27. Re8
Rxe8 28. Bxe8 Bd5 29. Rd1 Qxb2 30. Qxh4 Bb3 31. Qf4 Bg8 32. Bf7 Nc6 33. Bxg8
 1-0

[Event "Druga liga Srbije grupa Vojvodina 2015"]
[Site "Novi Sad"]
[Date "2015.11.17"]
[Round "9"]
[Board "6"]
[White "Mehandzic, Georgije"]
[Black "Vidic, Stevan"]
[Result "0-1"]
[WhiteElo "2100"]
[BlackElo "2287"]
[PlyCount "80"]
[EventDate "2015.11.10"]
[EventType "team"]
[EventRounds "9"]
[EventCountry "SRB"]
[WhiteTeam "Hajduk 1973 Beska"]
[BlackTeam "Backa Pacir"]

1. Nf3 d5 2. g3 Nf6 3. Bg2 e6 4. O-O Be7 5. d3 O-O 6. c3 b6 7. Qc2 Bb7 8. Ne5
Nbd7 9. f4 c5 10. e3 Qc7 11. d4 Rac8 12. a4 Ne4 13. Na3 a6 14. Bxe4 dxe4 15.
Nac4 Nxe5 16. dxe5 b5 17. Nd2 c4 18. axb5 axb5 19. Rf2 Rfd8 20. Nf1 Rd3 21. Qe2
Rcd8 22. Bd2 Bc5 23. Re1 Qb6 24. Kg2 Qc7 25. h4 Ra8 26. Bc1 Ra4 27. Bd2 Ra2 28.
Bc1 b4 29. Qg4 bxc3 30. Rc2 cxb2 31. Rxb2 Rxb2+ 32. Bxb2 c3 33. Bc1 Bb4 34. h5
h6 35. Re2 c2 36. Nd2 Bxd2 37. Rxd2 Rxd2+ 38. Bxd2 c1=Q 39. Bxc1 Qxc1 40. f5
Qxe3 0-1